Dinosaurs

Bibliographic Details
Main Author: Parker, Steve
Format: Book
Published: Thaxted : Miles Kelly , 2013
Series:100 facts
Subjects:

MARC

LEADER 00000cam a2200000 7i4500
001 0000202068
005 20170517.0
020 |a 9781848109124 
090 0 0 |a 567.9   |b PAR 
100 1 |a Parker, Steve 
245 1 0 |a Dinosaurs   |c Steve Parker 
260 |a Thaxted :   |b Miles Kelly ,   |c 2013 
300 |a 48p. ;   |c 30cm. 
490 0 |a 100 facts 
650 0 |a Dinosaurs   |v Juvenile literature 
999 |a 00317534   |b BUKU   |c JUNIOR BOOKS   |e PERPUSTAKAAN KOMUNITI PETALING JAYA 
999 |a 00338674   |b BUKU   |c JUNIOR BOOKS   |e PERPUSTAKAAN KOMUNITI PETALING JAYA